| 000 | 01528nam a2200349 a 4500 | ||
|---|---|---|---|
| 001 | ebr10038538 | ||
| 003 | CaPaEBR | ||
| 006 | m u | ||
| 007 | cr cn||||||||| | ||
| 008 | 030522s2002 dcua sb 100 0 eng d | ||
| 010 | _z 2003544887 | ||
| 020 | _z0309084989 | ||
| 040 |
_aCaPaEBR _cCaPaEBR |
||
| 035 | _a(OCoLC)53014765 | ||
| 050 | 1 | 4 |
_aTA160.4 _b.S96 2002eb |
| 082 | 0 | 4 |
_a620 _221 |
| 111 | 2 |
_aSymposium on Frontiers of Engineering _n(7th : _d2002 : _cIrvine, Calif.) |
|
| 245 | 1 | 0 |
_aSeventh Annual Symposium on Frontiers of Engineering _h[electronic resource] / _cNational Academy of Engineering. |
| 246 | 1 | 4 | _aFrontiers of engineering |
| 260 |
_aWashington, D.C. : _bNational Academy Press, _c2002. |
||
| 300 |
_ax, 127 p. : _bill. |
||
| 490 | 1 | _aCompass series | |
| 500 | _a"Reports on leading-edge engineering from the March 2002 NAE Symposium on Frontiers of Engineering"--Cover. | ||
| 504 | _aIncludes bibliographical references. | ||
| 533 |
_aElectronic reproduction. _bPalo Alto, Calif. : _cebrary, _d2013. _nAvailable via World Wide Web. _nAccess may be limited to ebrary affiliated libraries. |
||
| 650 | 0 |
_aEngineering _xResearch _zUnited States _vCongresses. |
|
| 650 | 0 |
_aEngineering _xTechnological innovations _zUnited States _vCongresses. |
|
| 655 | 7 |
_aElectronic books. _2local |
|
| 710 | 2 | _aebrary, Inc. | |
| 830 | 0 | _aCompass series (Washington, D.C.) | |
| 856 | 4 | 0 |
_uhttp://site.ebrary.com/lib/rucke/Doc?id=10038538 _zAn electronic book accessible through the World Wide Web; click to view |
| 999 |
_c57483 _d57483 |
||